000 00585nam a2200205Ii 4500
003 JO-AjNU
008 230605s9999||||xx |||||||||||||| ||und||
040 _aJO-AjNU
_bara
_erda
_cJO-AjNU
041 _aara
050 1 4 _aAC106.2005
100 3 _aالسيد،محمود,
_eauthor
_911254
245 0 0 _aكلمات ثقافية
250 _aط1
264 3 1 _aدمشق:منشورات وزارة الثقافة،2005
300 _a326ص
336 _atext
_btxt
_2rdacontent
337 _aunmediated
_bn
_2rdamedia
338 _avolume
_bnc
_2rdacarrier
650 4 _aمقالات
_911255
999 _aA2229
_c5797
_d5797